00906nam a2200217 a 4500001001000000003000500010005001700015008004100032010001100073011001100084040000900095100003300104245018100137260004200318500006000360502009400420650002200514650003200536650005000568856007000618000109114CHAP20220329144038.0140403s2013 mx a sm |||||||spa d a105576 a106548 cCHAP1 aViera Jasso, Soriana Yajaira10aEvaluación de dosis de biofertilizante y sanialgas en la producción de maiz (Zea mays L.) forrajero en la Comarca Lagunera /h[En línea]cpor Soriana Yajaira Viera Jasso. aChapingo, Méx. :bEl autor.,c2013. aPara ver el contenido del material haga clic en la liga aTesis (Ing. Agr. Esp. en Sistemas Agrícolas) -- UACH. Dirección de Centros Regionales14aBiofertilizantes.14aForrajesxComarca Lagunera.14aMaíz como forrajexFertilizantes efecto en. aFinding aiduhttp://10.13.5.2/tesis/sist109114.pdfzTeclea aquí